Statistiche per Capitali del mondo più vicine a Oslo

Clicka qui per fare il quiz!

Statistiche generali

  • Questo quiz è stato fatto 61 volte
  • Il punteggio medio è 17 su 20

Statistiche sulle risposte

kmcapitale% Corretto
840Berlino
98%
788Helsinki
98%
418Stoccolma
97%
1086Bruxelles
95%
1155Londra
95%
914Amsterdam
93%
484Copenaghen
93%
844Riga
93%
788Tallinn
93%
1184Lussemburgo
92%
1064Varsavia
92%
1342Parigi
90%
1047Vilnius
90%
1266Dublino
83%
1120Praga
83%
1220Minsk
81%
1375Bratislava
78%
1352Vienna
78%
1424Vaduz
64%
971T{órshavn}
5%

Distribuzione punteggi

Percentile per numero di risposta

Percentuale di utenti per punteggio

I tuoi punteggi nel tempo

Non hai fatto questo quiz